Clash Royale Cards with Helmets - Statistics

General Stats
  • This quiz has been taken 200 times
  • The average score is 7 of 13
Answer Stats
Answer % Correct
Dark Prince
80%
Prince
79%
Mega Knight
72%
Elite Barbarians
66%
Guards
65%
Musketeer
58%
Royal Recruits
56%
Miner
48%
Three Musketeers
48%
Inferno Dragon
43%
Royal Delivery
43%
Royal Hogs
40%
Mega Minion
37%
No matching quizzes found
Score Distribution
Percent of People with Each Score
Percentile by Number Answered
Your Score History
You have not taken this quiz